Szczegóły MARC21

Informatyka : aspekty humanistyczne /

003 -Nazwa inst., której nr kontr. jest w polu 001 [,]
    • @
    • Nazwa instytucji, której n kontrolny jest w polu 001
    • NUKAT
005 -DATA I CZAS OSTATNIEJ MODYFIKACJI [,]
    • @
    • pole kontrolne
    • 20241231114517.0
020 -Międzynarod. znormalizowany nr książki - ISBN [ , ]
    • a
    • Numer ISBN
    • 8386745347 Find
040 -Instytucja sporządzająca opis [ , ]
    • a
    • Instytucja, która sporządziła opis (NP)
    • NUKAT
    • b
    • Język katalogowania
    • pol
    • e
    • Zasady katalogowania
    • rda
    • c
    • Instytucja, która sporządziła rekord (NP)
    • WR U/jm
    • d
    • Instytucja, która zmodyfikowała rekord (P)
    • KR 7/AK
    • d
    • Instytucja, która zmodyfikowała rekord (P)
    • SZCZ U/JS
942 -Rodzaj dokumentu [ , ]
    • c
    • Rodzaj dokumentu
    • Książka
100 -Hasło główne - nazwa osobowa [1, ]
    • a
    • Nazwa osobowa (NP)
    • Szewczyk, Agnieszka
    • d
    • Daty biograficzne (NP)
    • (1952- ).
    • e
    • Rodzaj współpracy
    • Autor
    • 9
    • KHW
    • 46755
245 -Strefa tytułu i oznaczenia odpowiedzialności [1,0]
    • a
    • Tytuł
    • Informatyka : Find
    • b
    • Ciąg dalszy tytułu (NP)
    • aspekty humanistyczne / Find
    • c
    • Pozostałe elementy strefy tytułu i oznaczenia odpowiedzialności (NP)
    • Agnieszka Szewczyk ; Uniwersytet Szczeciński.
260 -Strefa adresu wydawniczego [ , ]
    • a
    • Miejsce wydania (P)
    • Szczecin :
    • b
    • Nazwa wydawcy (P)
    • Wydawnictwo Naukowe Uniwersytetu Szczecińskiego,
    • c
    • Data wydania (P)
    • 1996.
300 -Strefa opisu fizycznego [ , ]
    • a
    • Określenie formy książki i/lub objętość (NP)
    • 137, [1] strona ;
    • c
    • Format (NP)
    • 24 cm.
336 -Typ zawartości [ , ]
    • a
    • Termin opisujący typ zawartości
    • Tekst
    • b
    • Kod określający zawartość
    • txt
    • 2
    • Źródło (terminu i kodu)
    • rdacontent
337 -Typ mediów [ , ]
    • a
    • Tryb odtwarzania
    • Bez urządzenia pośredniczącego
    • b
    • Kod typu mediów
    • n
    • 2
    • Źródło (terminu i kodu)
    • rdamedia
338 -Typ/rodzaj nośnika [ , ]
    • a
    • Hasło opisujące typ nośnika
    • Wolumin
    • b
    • Kod typu nośnika
    • nc
    • 2
    • Źródło (terminu i kodu)
    • rdacarrier
504 -Uwaga dot. bibliogr. załącznikowej [ , ]
    • a
    • Uwaga dot. bibliografii załącznikowej
    • Bibliografia na stronie [138].
521 -Uwaga dot. przeznaczenia czytelniczego [8, ]
    • a
    • Uwaga dot. przeznaczenia czytelniczego
    • Skrypt przeznaczony jest głównie dla studentów kierunków humanistycznych jako materiał do przedmiotu podstawy informatyki.
650 -Hasło przedmiotowe [ ,7]
    • a
    • Hasło przedmiotowe
    • Interakcja człowiek-komputer.
    • 2
    • Źródło terminu
    • kaba
    • 9
    • KHW
    • 112191
650 -Hasło przedmiotowe [ ,7]
    • a
    • Hasło przedmiotowe
    • Informatyka
    • x
    • Określnik rzeczowy
    • aspekt społeczny.
    • 2
    • Źródło terminu
    • kaba
    • 9
    • KHW
    • 112009
710 -Hasło dodatkowe - nazwa ciała zbiorowego [2, ]
    • a
    • Nazwa ciała zbiorowego lub nazwa geograficzna jako pierwszy element (NP)
    • Uniwersytet Szczeciński.
    • b
    • Nazwa jednostki podrzędnej (P)
    • Wydawnictwo Naukowe.
    • e
    • Rodzaj współpracy
    • Wydawca
    • 4
    • Kod relacji
    • pbl
    • 9
    • KHW
    • 51208
710 -Hasło dodatkowe - nazwa ciała zbiorowego [2, ]
    • a
    • Nazwa ciała zbiorowego lub nazwa geograficzna jako pierwszy element (NP)
    • Uniwersytet Szczeciński.
    • e
    • Rodzaj współpracy
    • Instytucja sprawcza
    • 9
    • KHW
    • 9119
920 -ISBN [ , ]
    • a
    • ISBN
    • 83-86745-34-7 Find
Lokalizacja Data inwentaryzacji Numer inwentarzowy Sygnatura Status udost.
BE1997-03-21E.64216 -2
BE1997-03-21S.80053 2
BE1997-03-21S.80054 2
BE1997-03-21S.80055 2
BE1997-03-21S.80056 2
BE1997-03-21S.80057 2
BE1997-03-21S.80058 2
BE1997-03-21S.80059 2
BE1997-03-21S.80060 2
BE1997-03-21S.80061 2
BE1997-03-21S.80062 2
BE1997-03-21S.80063 2
BE1997-03-21S.80064 2
BE1997-03-21S.80065 -6
BE1997-03-21S.80066 2
BE2004-05-17E.69290 -2
BE2006-06-30S.92456 -2
BG1997-03-21Z.89075Z.890751
T1997-03-21TS.80067 -11
T1997-03-21TS.80068 -11
T1997-03-21TS.80069 -11
T1997-03-21TS.80070 -11
T1997-03-21TS.80071 -11
T1997-03-21TS.80072 -11